Operations management in tourism and hospitality industry / (Record no. 2522)

MARC details
000 -LEADER
fixed length control field 00808nam a22002177a 4500
005 - DATE AND TIME OF LATEST TRANSACTION
control field 20260219050548.0
008 - FIXED-LENGTH DATA ELEMENTS--GENERAL INFORMATION
fixed length control field 260219b |||||||| |||| 00| 0 eng d
020 ## - INTERNATIONAL STANDARD BOOK NUMBER
International Standard Book Number 978-621-8179-51-6
082 ## - DEWEY DECIMAL CLASSIFICATION NUMBER
Classification number Fil. 658.5 M211 2023
100 ## - MAIN ENTRY--PERSONAL NAME
Personal name Magpantay, Don M.
9 (RLIN) 272
245 ## - TITLE STATEMENT
Title Operations management in tourism and hospitality industry /
Statement of responsibility, etc. Don M. Magpantay, Angelie Marie L. Vizconde, Augusto R. Matias
260 ## - PUBLICATION, DISTRIBUTION, ETC.
Place of publication, distribution, etc. Manila:
Name of publisher, distributor, etc. EDRIC Publishing House,
Date of publication, distribution, etc. c2023
300 ## - PHYSICAL DESCRIPTION
Extent 103p.:
Other physical details ill.
504 ## - BIBLIOGRAPHY, ETC. NOTE
Bibliography, etc. note Includes bibliographical references
541 ## - IMMEDIATE SOURCE OF ACQUISITION NOTE
Accession number 7920 c.1, 7921 c.2
650 ## - SUBJECT ADDED ENTRY--TOPICAL TERM
Topical term or geographic name entry element Production management
9 (RLIN) 273
650 ## - SUBJECT ADDED ENTRY--TOPICAL TERM
Topical term or geographic name entry element Hospitality industry - Management
9 (RLIN) 244
650 ## - SUBJECT ADDED ENTRY--TOPICAL TERM
Topical term or geographic name entry element Tourist trade - Management
9 (RLIN) 274
700 ## - ADDED ENTRY--PERSONAL NAME
Personal name Vizconde, Angelie Marie L.
Relator term author
9 (RLIN) 275
700 ## - ADDED ENTRY--PERSONAL NAME
Personal name Matias, Augusto R.
Relator term author
9 (RLIN) 276
Holdings
Withdrawn status Lost status Source of classification or shelving scheme Damaged status Not for loan Home library Current library Date acquired Total Checkouts Full call number Barcode Date last seen Copy number Price effective from Koha item type
    Dewey Decimal Classification     ctu-moalboal ctu-moalboal 06/20/2024   Fil. 658.5 M211 2023 7920 02/19/2026 1 02/19/2026 Books-Filipiniana
    Dewey Decimal Classification     ctu-moalboal ctu-moalboal 06/20/2024   Fil. 658.5 M211 2023 7921 02/19/2026 2 02/19/2026 Books-Filipiniana